000
00242 a2200109 4500
090
_c
5613
_d
5613
100
_a
Hamid Ali
245
_a
Comibined set of Treasury Rules
260
_a
Karachi
300
_a
254
942
_a
NBS
_c
REF
_k
348.95491 ALI
999
_c
348017
_d
348017